| 000 | 00467nam a2200169 4500 | ||
|---|---|---|---|
| 001 | VA40588 | ||
| 003 | ES-SlBCS | ||
| 005 | 20210601153811.0 | ||
| 008 | 140520s1968 xxu||||| |||| 00| 0 spa d | ||
| 041 | _aspa | ||
| 100 | 1 |
_aFernández de Landa, Tomás _931550 |
|
| 245 | 1 | 0 |
_aLas relaciones entre la Iglesia y el Estado _cTomás Fernández De Landa |
| 260 |
_aMadrid : _bStudium _c, 1968 |
||
| 300 |
_a436 p.; _ccm |
||
| 650 |
_aIglesia-Estado _9126200 |
||
| 942 | _cBK | ||
| 999 |
_c796141 _d796141 |
||